[Event "World Blitz Women 2017"]
[Site "Riyadh KSA"]
[Date "2017.12.29"]
[Round "1.43"]
[White "Mammadzada, Gunay"]
[Black "Nechaeva, Marina"]
[Result "1-0"]
[WhiteTitle "WGM"]
[BlackTitle "IM"]
[WhiteElo "2333"]
[BlackElo "2424"]
[WhiteFideId "13403729"]
[BlackFideId "4149351"]
[EventDate "2017.12.29"]

1. e4 c6 2. d4 d5 3. Nc3 dxe4 4. Nxe4 Bf5 5. Ng3 Bg6 6. Nf3 Nd7 7. h4 h6 8. h5
Bh7 9. Bd3 Bxd3 10. Qxd3 e6 11. Bd2 Ngf6 12. O-O-O Be7 13. Ne4 Nxe4 14. Qxe4 Nf6
15. Qe2 Qd5 16. Kb1 Qe4 17. Qxe4 Nxe4 18. Be3 f5 19. Rde1 Bf6 20. c4 Rd8 21. Kc2
a6 22. Rhg1 Kf7 23. g4 fxg4 24. Rxg4 Nd6 25. b3 Nf5 26. Re4 Rhe8 27. a4 Rd7 28.
Ne5+ Bxe5 29. dxe5 Red8 30. Re2 Rd1 31. Bb6 R8d7 32. Rf4 Rh1 33. Rxf5+ exf5 34.
e6+ Ke8 35. exd7+ Kxd7 36. Bc5 Rxh5 37. Re7+ Kc8 38. Rxg7 b5 39. axb5 axb5 40.
Bd6 bxc4 41. bxc4 Kd8 42. Kc3 Rh3+ 43. Rg3 Rh4 44. Kb4 Kd7 45. Kc5 f4 46. Rg7+
Ke6 47. Kxc6 f3 48. Re7+ Kf6 49. Re3 Rxc4+ 50. Kd5 Rc2 51. Rxf3+ Kg6 52. Rf8 Kg7
53. Rf4 Re2 54. Be5+ Kg6 55. Ke6 h5 56. Rf8 Kg5 57. f4+ Kg4 58. f5 Ra2 59. f6
Ra6+ 60. Bd6 1-0

[Event "World Blitz Women 2017"]
[Site "Riyadh KSA"]
[Date "2017.12.29"]
[Round "1.44"]
[White "Szczepkowska, Karina"]
[Black "Assaubayeva, Bibisara"]
[Result "1/2-1/2"]
[WhiteTitle "IM"]
[BlackTitle "FM"]
[WhiteElo "2419"]
[BlackElo "2381"]
[WhiteFideId "1122681"]
[BlackFideId "13708694"]
[EventDate "2017.12.29"]

1. e4 e5 2. Nf3 Nc6 3. Nc3 Nf6 4. a3 d5 5. Bb5 dxe4 6. Nxe5 Qd6 7. d4 exd3 8.
Nxd3 Bg4 9. f3 Bf5 10. Qe2+ Be7 11. Be3 O-O-O 12. O-O-O Bxd3 13. Rxd3 Qe6 14.
Rxd8+ Rxd8 15. Bc4 Qe5 16. Bd2 Qxe2 17. Nxe2 Ne5 18. Bb3 Nd5 19. Ng3 g6 20. Re1
Bf6 21. Ne4 Bg7 22. Ng5 h6 23. Ne4 f5 24. Nc5 Bf6 25. Bxh6 c6 26. Bd2 Rh8 27. h3
b6 28. Ne6 Kd7 29. Nf4 Nxf4 30. Bxf4 Re8 31. Rd1+ Kc7 32. Bg3 g5 33. Bf2 f4 34.
a4 Re7 35. a5 c5 36. axb6+ axb6 37. Bd5 Nc6 38. Be4 Nd8 39. Be1 Nf7 40. b4 Nd6
41. bxc5 Nxe4 42. cxb6+ Kxb6 43. fxe4 Rxe4 44. Rd6+ Kc7 45. Rxf6 Rxe1+ 46. Kb2
Rg1 47. h4 Rxg2 48. hxg5 Rxg5 49. Rxf4 Kc6 50. Kb3 Rg6 51. Kb4 Kb6 52. c4 Kc6 1/2-1/2

[Event "World Blitz Women 2017"]
[Site "Riyadh KSA"]
[Date "2017.12.29"]
[Round "1.45"]
[White "Albzoor, Anwar"]
[Black "Charochkina, Daria"]
[Result "0-1"]
[WhiteTitle "WFM"]
[BlackTitle "IM"]
[WhiteElo "1595"]
[BlackElo "2317"]
[WhiteFideId "11500522"]
[BlackFideId "4180917"]
[EventDate "2017.12.29"]

1. Nf3 d5 2. c4 d4 3. d3 Nc6 4. g3 e5 5. Bg2 Bc5 6. O-O Nf6 7. a3 a5 8. Bd2 O-O
9. Qe1 Re8 10. Bg5 h6 11. Bxf6 Qxf6 12. Nbd2 Bf5 13. Rb1 a4 14. Nh4 Bh7 15. b4
axb3 16. Rxb3 Na5 17. Rb5 Bxa3 18. Bxb7 Nxb7 19. Rxb7 Qc6 20. Rb3 f5 21. Nhf3
Qd7 22. Qb1 e4 23. dxe4 fxe4 24. Ne1 e3 25. Ndf3 Bxb1 26. Rxb1 exf2+ 27. Rxf2
Rab8 28. Rd1 Rb2 29. Rxd4 Qe7 30. Nd2 Bc5 31. Rd5 Bxf2+ 32. Kxf2 Qxe2+ 0-1

[Event "World Blitz Women 2017"]
[Site "Riyadh KSA"]
[Date "2017.12.29"]
[Round "2.1"]
[White "Gunina, Valentina"]
[Black "Socko, Monika"]
[Result "1-0"]
[WhiteTitle "GM"]
[BlackTitle "GM"]
[WhiteElo "2510"]
[BlackElo "2471"]
[WhiteFideId "4167570"]
[BlackFideId "1106619"]
[EventDate "2017.12.29"]

1. e4 e6 2. d4 d5 3. Nc3 Bb4 4. a3 Bxc3+ 5. bxc3 Ne7 6. Bd3 c5 7. Qg4 g6 8. e5
c4 9. Be2 Qa5 10. Bd2 Bd7 11. h4 Nbc6 12. h5 O-O-O 13. Nf3 Rdg8 14. Ng5 Nd8 15.
Qf4 Rf8 16. Qf6 h6 17. Qxe7 hxg5 18. Qxg5 gxh5 19. Rxh5 Rhg8 20. Qe7 Re8 21. Qb4
Qa4 22. Qxa4 Bxa4 23. g4 Bxc2 24. f3 Nc6 25. Kf2 Na5 26. Rah1 Nb3 27. Be3 Kd7
28. f4 Be4 29. R1h2 Rc8 30. f5 Rg7 31. Rh7 Rcg8 32. Rxg7 Rxg7 33. Rh8 exf5 34.
Bh6 Rg6 35. gxf5 Bxf5 36. Bh5 Ra6 37. Bxf7 Be6 38. Be8+ Kc7 39. a4 Rb6 40. Bg5
Na5 41. Rh7+ Kc8 42. Rh8 Kc7 43. Bh5 Nc6 44. Rh7+ Kc8 45. Rh6 Na5 46. Ke3 a6 47.
Rh8+ Kd7 48. Bd8 Rb3 49. Bxa5 b6 50. Bb4 a5 51. Rh7+ Kc8 52. Bd6 Rxc3+ 53. Kf4
Rd3 54. Kg5 Rxd4 55. Kf6 c3 56. Rc7+ Kd8 57. Kxe6 Rc4 58. Rxc4 dxc4 59. Bg6 Kc8
60. Kd5 Kb7 61. Kxc4 Kc6 62. Be4+ Kd7 63. Kxc3 1-0

[Event "World Blitz Women 2017"]
[Site "Riyadh KSA"]
[Date "2017.12.29"]
[Round "2.2"]
[White "Zhu, Chen"]
[Black "Tan, Zhongyi"]
[Result "1/2-1/2"]
[WhiteTitle "GM"]
[BlackTitle "GM"]
[WhiteElo "2423"]
[BlackElo "2517"]
[WhiteFideId "8600546"]
[BlackFideId "8603642"]
[EventDate "2017.12.29"]

1. e4 d6 2. d4 g6 3. c3 Nf6 4. Bd3 Bg7 5. Nf3 O-O 6. O-O Nc6 7. Re1 e5 8. h3 Re8
9. Nbd2 h6 10. a4 Nh5 11. Bb5 Bd7 12. dxe5 Nxe5 13. Bxd7 Qxd7 14. Nf1 Rad8 15.
Ne3 Nf6 16. Nxe5 Rxe5 17. f3 d5 18. Nxd5 Nxd5 19. exd5 Qxd5 20. Qxd5 Rdxd5 21.
Bf4 Rxe1+ 22. Rxe1 Rd7 23. Re8+ Kh7 24. Kf1 g5 25. Be3 a6 26. Rb8 c6 27. a5 Be5
28. Re8 Bc7 29. b4 Kg6 30. g4 f6 31. Bd4 Kf7 32. Rh8 Kg7 33. Re8 Kf7 1/2-1/2

[Event "World Blitz Women 2017"]
[Site "Riyadh KSA"]
[Date "2017.12.29"]
[Round "2.4"]
[White "Charochkina, Daria"]
[Black "Lei, Tingjie"]
[Result "1/2-1/2"]
[WhiteTitle "IM"]
[BlackTitle "GM"]
[WhiteElo "2317"]
[BlackElo "2528"]
[WhiteFideId "4180917"]
[BlackFideId "8605114"]
[EventDate "2017.12.29"]

1. d4 Nf6 2. c4 c6 3. Nc3 d5 4. Nf3 e6 5. Bg5 h6 6. Bh4 dxc4 7. a4 Bb4 8. Bxf6
Qxf6 9. e4 b5 10. e5 Qe7 11. g3 Bb7 12. Bg2 c5 13. axb5 O-O 14. dxc5 Bxc5 15.
O-O Nd7 16. Qe2 Nb6 17. Ne4 Bd5 18. Rfd1 Rfd8 19. Nfd2 Bb4 20. Nc3 Bxc3 21. bxc3
Qc5 22. Rab1 Bxg2 23. Kxg2 Rd3 24. Ne4 Qd5 25. f3 Na4 26. Qc2 Nb6 27. Re1 Rd8
28. Rb2 Nc8 29. Qf2 Nb6 30. Rbe2 Rc8 31. Nd6 Rd8 32. Re4 Rxc3 33. R4e2 Rd3 34.
Rc2 c3 35. Qe2 Rd2 36. Rxd2 cxd2 37. Rd1 f6 38. Rxd2 Qxe5 39. Qxe5 fxe5 40. Kf2
Kf8 41. Ke2 Ke7 42. Nb7 Rxd2+ 43. Kxd2 Kd7 44. Na5 Nd5 45. Kd3 Kd6 46. Nc6 Kc5
47. Nxa7 Nf6 48. Nc6 Kxb5 49. Nxe5 Kc5 50. f4 Kd5 51. Nf3 Ne4 52. Ke3 Nf6 53.
Ne5 Ne4 54. Kf3 Nf6 55. Ke3 Ne4 56. Kf3 Nf6 57. Ke3 Ne4 1/2-1/2

[Event "World Blitz Women 2017"]
[Site "Riyadh KSA"]
[Date "2017.12.29"]
[Round "2.5"]
[White "Mkrtchian, Lilit"]
[Black "Dzagnidze, Nana"]
[Result "0-1"]
[WhiteTitle "IM"]
[BlackTitle "GM"]
[WhiteElo "2376"]
[BlackElo "2522"]
[WhiteFideId "13300601"]
[BlackFideId "13601903"]
[EventDate "2017.12.29"]

1. Nf3 Nf6 2. c4 e6 3. g3 b6 4. Bg2 Bb7 5. O-O Be7 6. b3 O-O 7. Bb2 d5 8. e3 c5
9. Nc3 Nc6 10. cxd5 Nxd5 11. Nxd5 Qxd5 12. d4 Rfd8 13. Ne5 Qd6 14. dxc5 Qxc5 15.
Qf3 Nxe5 16. Qxb7 Bf6 17. Qxa8 Rxa8 18. Bxa8 Nd3 19. Bxf6 gxf6 20. Be4 Ne5 21.
Rac1 Qb4 22. Bg2 Qd2 23. a4 Qa2 24. Rc3 Kg7 25. h3 Qd2 26. Rc7 a5 27. Rb7 Qb4
28. Rb1 Nd3 29. Bf1 Nc5 30. Rb8 Ne4 31. Be2 Qd2 32. Kf1 Qd6 33. Rd1 Qxb8 34. Rd4
Nc5 35. Bc4 f5 36. Kg2 Qe5 37. Kg1 Ne4 38. Kg2 Qc5 39. Kg1 Qa3 40. Rd7 Qb2 0-1

[Event "World Blitz Women 2017"]
[Site "Riyadh KSA"]
[Date "2017.12.29"]
[Round "2.6"]
[White "Galojan, Lilit"]
[Black "Goryachkina, Aleksandra"]
[Result "1/2-1/2"]
[WhiteTitle "IM"]
[BlackTitle "WGM"]
[WhiteElo "2300"]
[BlackElo "2486"]
[WhiteFideId "13301314"]
[BlackFideId "4147103"]
[EventDate "2017.12.29"]

1. c4 e6 2. Nc3 d5 3. d4 Nf6 4. Bg5 Be7 5. e3 O-O 6. Rc1 h6 7. Bh4 c6 8. Nf3
Nbd7 9. Bd3 b6 10. O-O Bb7 11. cxd5 Nxd5 12. Bxe7 Qxe7 13. Nxd5 exd5 14. Re1 Nf6
15. Ne5 Rac8 16. Qa4 a6 17. b4 Qd6 18. Qb3 Rc7 19. Qb2 Nd7 20. Nxd7 Qxd7 21. a4
Qg4 22. a5 b5 23. Qe2 Qg5 24. Qf3 g6 25. Qf4 Qxf4 26. exf4 Bc8 27. Re5 Be6 28.
Rce1 Kg7 29. f3 Rcc8 30. Kf2 Rfe8 31. g4 Bd7 32. Kg3 Kf8 33. h4 f6 34. Rxe8+
Rxe8 35. Rxe8+ Bxe8 36. g5 f5 37. gxh6 Kg8 38. h5 Kh7 39. hxg6+ Bxg6 40. Kh4
Kxh6 41. Bb1 1/2-1/2

[Event "World Blitz Women 2017"]
[Site "Riyadh KSA"]
[Date "2017.12.29"]
[Round "2.7"]
[White "Bodnaruk, Anastasia"]
[Black "Fierro Baquero, Martha L."]
[Result "1-0"]
[WhiteTitle "IM"]
[BlackTitle "IM"]
[WhiteElo "2428"]
[BlackElo "2369"]
[WhiteFideId "4181751"]
[BlackFideId "3600270"]
[EventDate "2017.12.29"]

1. e4 d5 2. exd5 Qxd5 3. Nc3 Qa5 4. d4 c6 5. Bc4 Bf5 6. Nf3 e6 7. O-O Nf6 8. Ne5
Bd6 9. Bf4 Qc7 10. Qe2 O-O 11. Bg3 Nbd7 12. Bb3 a6 13. Rad1 Rad8 14. Rfe1 Rfe8
15. Bh4 Be7 16. h3 Nxe5 17. dxe5 Nd5 18. Nxd5 cxd5 19. Bxe7 Rxe7 20. c3 Red7 21.
Rd4 Bg6 22. h4 h6 23. h5 Bh7 24. Qg4 Rc8 25. Qg3 Qd8 26. Rg4 Qf8 27. Rf4 Kh8 28.
Rd1 b5 29. Rdd4 Rdc7 30. Qf3 Qe7 31. Rg4 Bf5 32. Rg3 a5 33. Bxd5 b4 34. cxb4
axb4 35. Bb3 Rc5 36. Qe3 Qc7 37. f4 Rc1+ 38. Kh2 Rf1 39. Rf3 Rxf3 40. Qxf3 Qe7
41. Qf2 Bg4 42. Rd2 Bxh5 43. Kg3 Bg6 44. Qd4 Qc7 45. Kh2 Qb7 46. Qd6 Qe4 47. Qd4
Qe1 48. Qf2 Qc1 49. Rd1 Qc7 50. Qd4 Qe7 51. Kg3 h5 52. Qd6 h4+ 53. Kh2 Re8 54.
Qxe7 Rxe7 55. Rd8+ Kh7 56. Rb8 Bf5 57. Rxb4 Kh6 58. Rb8 g5 59. fxg5+ Kxg5 60. a4
Ra7 61. Bd1 Kf4 62. b4 Kxe5 63. a5 Be4 64. Rc8 Rd7 65. Bf3 Rd4 66. b5 Ra4 67. a6
Ra2 68. Bxe4 Kxe4 69. Ra8 Ra5 70. b6 Kf4 71. b7 1-0

[Event "World Blitz Women 2017"]
[Site "Riyadh KSA"]
[Date "2017.12.29"]
[Round "2.8"]
[White "Hoang, Thanh Trang"]
[Black "Gu, Xiaobing"]
[Result "1-0"]
[WhiteTitle "GM"]
[BlackTitle "WGM"]
[WhiteElo "2439"]
[BlackElo "2332"]
[WhiteFideId "12400149"]
[BlackFideId "8602611"]
[EventDate "2017.12.29"]

1. d4 Nf6 2. Bf4 g6 3. e3 Bg7 4. Nf3 d6 5. Be2 O-O 6. O-O b6 7. h3 Bb7 8. a4 a5
9. Nbd2 Nbd7 10. Bh2 Qe8 11. c3 e5 12. dxe5 dxe5 13. Nc4 Ne4 14. Qc2 Rc8 15.
Rad1 f6 16. Nfd2 Ndc5 17. b3 Qe6 18. Nxe4 Bxe4 19. Qb2 Rcd8 20. Rxd8 Rxd8 21.
Rd1 Rxd1+ 22. Bxd1 Qd5 23. Qd2 Bxg2 24. Qxd5+ Bxd5 25. Nd2 Bf8 26. f3 Be6 27. h4
Nd3 28. Bc2 Nc5 29. Kf2 Kf7 30. Ke2 Bd6 31. Bg1 f5 32. Bf2 Nd7 33. e4 f4 34. Bd3
Bc5 35. Bxc5 Nxc5 36. Bc2 Kg7 37. b4 axb4 38. cxb4 Nb7 39. Bd3 Bd7 40. Ba6 Nd6
41. a5 bxa5 42. bxa5 Bc6 43. Bd3 Kh6 44. a6 Nb5 45. Nb3 Na7 46. Na5 Bd7 47. Nc4
Kh5 48. Nxe5 Bc8 49. Ng4 Bxg4 50. fxg4+ Kxg4 51. e5 f3+ 52. Kf2 g5 53. e6 gxh4
54. e7 h3 55. e8=Q h2 56. Qg8+ Kh5 57. Qxh7+ Kg5 58. Qxh2 Kf6 59. Qxc7 Kg5 60.
Qxa7 1-0

[Event "World Blitz Women 2017"]
[Site "Riyadh KSA"]
[Date "2017.12.29"]
[Round "2.9"]
[White "Gara, Anita"]
[Black "Gaponenko, Inna"]
[Result "0-1"]
[WhiteTitle "IM"]
[BlackTitle "IM"]
[WhiteElo "2367"]
[BlackElo "2435"]
[WhiteFideId "709751"]
[BlackFideId "14101181"]
[EventDate "2017.12.29"]

1. e4 d6 2. d4 Nf6 3. Nc3 g6 4. Nf3 Bg7 5. Be2 O-O 6. O-O Bg4 7. h3 Bxf3 8. Bxf3
Nc6 9. Be3 Re8 10. Qd2 e5 11. d5 Nd4 12. Bd1 c6 13. f3 cxd5 14. exd5 Rc8 15. Bg5
h6 16. Bxh6 Qb6 17. Be3 Qxb2 18. Rb1 Qxc3 19. Rxb7 Nxd5 20. Qxc3 Rxc3 21. Bf2
Re7 22. Rb8+ Kh7 23. Be1 Rcc7 24. c3 Nxc3 25. Bh4 Red7 26. Bb3 Nxb3 27. axb3 Rb7
28. Rc8 Rxb3 29. f4 Ne2+ 30. Kh2 Nxf4 31. Bg5 Rb2 32. Bxf4 exf4 33. Rc4 Be5 34.
Kh1 Rdb7 35. h4 Rb1 36. Rxb1 Rxb1+ 37. Kh2 f3+ 38. g3 f2 0-1

[Event "World Blitz Women 2017"]
[Site "Riyadh KSA"]
[Date "2017.12.29"]
[Round "2.10"]
[White "Abdumalik, Zhansaya"]
[Black "Charkhalashvili, Inga"]
[Result "1/2-1/2"]
[WhiteTitle "IM"]
[BlackTitle "WGM"]
[WhiteElo "2449"]
[BlackElo "2355"]
[WhiteFideId "13703544"]
[BlackFideId "13601431"]
[EventDate "2017.12.29"]

1. e4 c6 2. d4 d5 3. Nd2 dxe4 4. Nxe4 Bf5 5. Ng3 Bg6 6. h4 h6 7. Nf3 Nd7 8. h5
Bh7 9. Bd3 Bxd3 10. Qxd3 e6 11. Bd2 Ngf6 12. O-O-O Be7 13. Kb1 Qc7 14. Ne4 Nxe4
15. Qxe4 Nf6 16. Qe2 O-O-O 17. c4 c5 18. Bc3 Rhe8 19. Ne5 cxd4 20. Bxd4 Bd6 21.
f4 Bxe5 22. Bxe5 Qc6 23. g4 Rxd1+ 24. Rxd1 Rd8 25. Re1 Ne8 26. g5 a6 27. gxh6
gxh6 28. Rg1 Qc5 29. Re1 f6 30. Bc3 Nc7 31. Rf1 Qf5+ 32. Kc1 Rg8 33. Qc2 Qxh5
34. Bxf6 Qh3 35. Rd1 Qe3+ 36. Qd2 Qxd2+ 37. Rxd2 Rf8 38. Be5 h5 39. Kc2 Ne8 40.
Rh2 Nf6 41. Kd3 Rd8+ 42. Ke2 Ne4 43. Ke3 Ng3 44. Rh3 Nf5+ 45. Ke2 h4 46. a3 Rg8
47. Kf2 Rd8 48. Ke2 Ng3+ 49. Ke3 Nf5+ 50. Ke2 Rg8 51. b4 Rg2+ 52. Kf3 Rc2 53. c5
Kd7 54. Ke4 Re2+ 55. Kd3 Rg2 56. Bf6 Rg3+ 57. Rxg3 hxg3 58. Ke2 Kc6 59. a4 a5
60. bxa5 Kxc5 61. Kf3 Kb4 62. Bd8 Kxa4 63. Bc7 Kb5 64. Bd8 Kc4 65. Bb6 Kd3 66.
Bc7 Kd2 67. Be5 Kd3 68. Bc7 Kc4 69. Bb6 Kd5 70. Bd8 1/2-1/2

[Event "World Blitz Women 2017"]
[Site "Riyadh KSA"]
[Date "2017.12.29"]
[Round "2.11"]
[White "Vijayalakshmi, Subbaraman"]
[Black "Skripchenko, Almira"]
[Result "1/2-1/2"]
[WhiteTitle "IM"]
[BlackTitle "IM"]
[WhiteElo "2357"]
[BlackElo "2403"]
[WhiteFideId "5004098"]
[BlackFideId "13900145"]
[EventDate "2017.12.29"]

1. Nf3 g6 2. g3 Bg7 3. Bg2 e5 4. c4 Nc6 5. Nc3 d6 6. d3 Nf6 7. Rb1 a5 8. a3 O-O
9. b4 axb4 10. axb4 Bf5 11. b5 Nd4 12. Nxd4 exd4 13. Nd5 Nxd5 14. cxd5 Qd7 15.
O-O Rfe8 16. e4 dxe3 17. fxe3 Ra2 18. Rf2 Rea8 19. Bb2 Bxb2 20. Rfxb2 Rxb2 21.
Rxb2 Bh3 22. e4 h5 23. Kf2 Ra3 24. Bf3 Bg4 25. Bxg4 hxg4 26. Ke3 Qe7 27. Qxg4
Qe5 28. Rc2 Qa1 29. Qe2 Qg1+ 30. Qf2 Qd1 31. Qe2 Qg1+ 32. Qf2 Qd1 33. Qd2 Qg1+ 1/2-1/2

[Event "World Blitz Women 2017"]
[Site "Riyadh KSA"]
[Date "2017.12.29"]
[Round "2.12"]
[White "Cori T., Deysi"]
[Black "Melia, Salome"]
[Result "1-0"]
[WhiteTitle "WGM"]
[BlackTitle "IM"]
[WhiteElo "2389"]
[BlackElo "2404"]
[WhiteFideId "3801934"]
[BlackFideId "13602446"]
[EventDate "2017.12.29"]

1. d4 Nf6 2. Nf3 e6 3. e3 b6 4. c4 Bb7 5. Bd3 d5 6. O-O Bd6 7. Nc3 Nbd7 8. Qe2
O-O 9. e4 dxc4 10. Bxc4 e5 11. Rd1 Qe8 12. d5 a6 13. Nh4 b5 14. Bb3 Qb8 15. Nf5
g6 16. Ng3 Nb6 17. Qf3 Nbd7 18. h4 h5 19. Bg5 Kg7 20. Rac1 Ng4 21. Rc2 Bc5 22.
Be3 Nxe3 23. fxe3 Nf6 24. Nxb5 Bb6 25. Na3 Ng4 26. Nc4 Qd8 27. Nxb6 cxb6 28. Nf1
Qxh4 29. Rc7 Rab8 30. Rdc1 Qd8 31. d6 Nf6 32. Bd5 Bxd5 33. exd5 Qxd6 34. R1c6 e4
35. Qf2 Qe5 36. Nd2 Nxd5 37. Nc4 Qxc7 38. Rxc7 Nxc7 39. Qf4 Ne6 40. Qe5+ Kh7 41.
Nd6 Rbd8 42. Nxe4 Rd1+ 43. Kh2 Rf1 44. Ng3 Rf2 45. a4 a5 46. b3 h4 47. Ne4 Rf5
48. Qd6 Rd8 49. Qe7 Rd3 50. Nf6+ Kh6 51. Ng4+ Kg7 52. Qb7 Rxb3 53. Qe4 Ra3 54.
Ne5 Ra2 55. Nf3 h3 56. Kxh3 Rh5+ 57. Kg3 Rf5 58. Qc4 Rb2 59. Qc3+ Kg8 60. Qxb2
Ng5 61. Qxb6 Ne4+ 62. Kh2 Rh5+ 63. Kg1 Rf5 64. Nd4 Rf6 65. Qd8+ Kg7 66. Qxa5 Ng3
67. Qe5 Nh5 68. a5 Kh7 69. Nf3 Rf5 70. Qc7 Nf6 71. Qxf7+ Kh6 72. Qf8+ Kh7 73.
Qe7+ Kh6 74. a6 Ng4 75. Qh4+ 1-0

[Event "World Blitz Women 2017"]
[Site "Riyadh KSA"]
[Date "2017.12.29"]
[Round "2.13"]
[White "Zimina, Olga"]
[Black "Javakhishvili, Lela"]
[Result "0-1"]
[WhiteTitle "IM"]
[BlackTitle "IM"]
[WhiteElo "2415"]
[BlackElo "2449"]
[WhiteFideId "4132190"]
[BlackFideId "13601458"]
[EventDate "2017.12.29"]

1. Nf3 c5 2. c4 g6 3. e4 Nc6 4. d4 cxd4 5. Nxd4 d6 6. Nc3 Nf6 7. Nc2 Bg7 8. Be2
O-O 9. O-O Be6 10. Rb1 Nd7 11. Bd2 Nc5 12. f3 a5 13. b3 f5 14. exf5 Bxf5 15. Nd5
Nd4 16. Nde3 Nxe2+ 17. Qxe2 Bd3 18. Qd1 Bxf1 19. Qxf1 e6 20. Kh1 Qf6 21. Rd1 Qb2
22. Ra1 b6 23. Qe2 d5 24. Qd1 d4 25. Bc1 Qc3 26. Bd2 Qd3 27. Ne1 dxe3 28. Nxd3
exd2 29. Nxc5 Bxa1 30. Nxe6 Bc3 31. Nxf8 Re8 0-1

[Event "World Blitz Women 2017"]
[Site "Riyadh KSA"]
[Date "2017.12.29"]
[Round "2.14"]
[White "Savina, Anastasia"]
[Black "Michna, Marta"]
[Result "1-0"]
[WhiteTitle "IM"]
[BlackTitle "WGM"]
[WhiteElo "2350"]
[BlackElo "2377"]
[WhiteFideId "4196872"]
[BlackFideId "1106686"]
[EventDate "2017.12.29"]

1. Nf3 d6 2. d4 g6 3. c4 Bg7 4. e4 Nf6 5. Nc3 O-O 6. h3 Nbd7 7. Be3 e5 8. d5 Nc5
9. Nd2 a5 10. g4 Ne8 11. h4 f5 12. g5 f4 13. Bxc5 dxc5 14. Qf3 Nd6 15. Bh3 Bxh3
16. Rxh3 a4 17. a3 Qd7 18. h5 b5 19. h6 Bh8 20. cxb5 Nf7 21. Qd3 Nxg5 22. Rh1
Rf6 23. O-O-O Raf8 24. f3 Nf7 25. Nxa4 Rb8 26. Nxc5 Qxb5 27. Qxb5 Rxb5 28. b4
Nd6 29. Kc2 Rf8 30. Kb3 Rfb8 31. Rc1 Ra8 32. Ne6 Rb7 33. Nxc7 Rab8 34. Ne6 Bf6
35. Rc6 Nb5 36. Rhc1 Bd8 37. Rc8 Kf7 38. Nxd8+ Ke7 39. Nxb7 Rxb7 40. Rh8 Nd4+
41. Kb2 Kf6 42. d6 g5 43. Rc7 Rb6 44. d7 1-0

[Event "World Blitz Women 2017"]
[Site "Riyadh KSA"]
[Date "2017.12.29"]
[Round "2.15"]
[White "Mamedjarova, Turkan"]
[Black "Zhukova, Natalia"]
[Result "0-1"]
[WhiteTitle "WGM"]
[BlackTitle "GM"]
[WhiteElo "2260"]
[BlackElo "2444"]
[WhiteFideId "13402005"]
[BlackFideId "14101513"]
[EventDate "2017.12.29"]

1. d4 Nf6 2. Nf3 e6 3. c4 d5 4. Nc3 c5 5. cxd5 Nxd5 6. e4 Nxc3 7. bxc3 cxd4 8.
cxd4 Bb4+ 9. Bd2 Bxd2+ 10. Qxd2 O-O 11. Bc4 Nd7 12. O-O b6 13. d5 Nf6 14. Rfe1
exd5 15. exd5 Bb7 16. Rad1 Rc8 17. Bb3 Rc5 18. Re5 a5 19. a4 Qd6 20. Qg5 h6 21.
Qg3 Rc3 22. Re3 Qxg3 23. hxg3 Rxe3 24. fxe3 Rd8 25. d6 Ne4 26. Ne5 Rxd6 27.
Bxf7+ Kf8 28. Rxd6 Nxd6 29. Bb3 Ke7 30. g4 Bc8 31. Kh2 Nb7 32. Kg3 Nc5 33. Bc2
Be6 34. Kf4 Kd6 35. Ng6 Bd7 36. e4 Bxa4 37. e5+ Kd7 38. Bf5+ Ke8 39. e6 Bb3 40.
Ke5 a4 41. Kd6 a3 42. e7 a2 43. Ne5 Nb7+ 44. Kc7 Kxe7 45. Nc6+ Kf6 46. Be4 a1=Q
47. Kxb7 Qe1 48. Bf3 Qe3 49. Nb4 b5 50. Kc6 Bc4 51. Na6 Qc3 52. Kc5 Be2+ 53. Kb6
Bxf3 54. gxf3 Qxf3 55. Kxb5 Qxg4 56. Nc5 Qf5 57. Kc4 Qxc5+ 58. Kxc5 Kf5 59. Kd4
Kf4 60. Kd5 h5 0-1

[Event "World Blitz Women 2017"]
[Site "Riyadh KSA"]
[Date "2017.12.29"]
[Round "2.16"]
[White "Batchimeg, Tuvshintugs"]
[Black "Zatonskih, Anna"]
[Result "1-0"]
[WhiteTitle "IM"]
[BlackTitle "IM"]
[WhiteElo "2398"]
[BlackElo "2452"]
[WhiteFideId "4900839"]
[BlackFideId "14101572"]
[EventDate "2017.12.29"]

1. d4 d5 2. c4 e6 3. Nc3 Nf6 4. cxd5 exd5 5. Bg5 c6 6. e3 Be7 7. Qc2 Nbd7 8. Bd3
Nf8 9. h3 Ne6 10. Bh4 g6 11. Nf3 O-O 12. Bxf6 Bxf6 13. b4 a5 14. b5 c5 15. dxc5
d4 16. Ne4 dxe3 17. Nxf6+ Qxf6 18. O-O Nd4 19. Nxd4 Qxd4 20. fxe3 Qxe3+ 21. Kh1
Be6 22. Rae1 Qg5 23. Be4 Rac8 24. c6 bxc6 25. bxc6 Rc7 26. Rb1 Bd5 27. Qc5 Rd8
28. Qxa5 Rxc6 29. Rb5 Rcd6 30. Rd1 Qf4 31. Rbxd5 Rxd5 32. Rxd5 Re8 33. Bf3 Qc1+
34. Rd1 Qf4 35. Qb5 Rb8 36. Qd3 h5 1-0

[Event "World Blitz Women 2017"]
[Site "Riyadh KSA"]
[Date "2017.12.29"]
[Round "2.17"]
[White "Buksa, Nataliya"]
[Black "Shuvalova, Polina"]
[Result "0-1"]
[WhiteTitle "WGM"]
[BlackTitle "WIM"]
[WhiteElo "2385"]
[BlackElo "2385"]
[WhiteFideId "14123622"]
[BlackFideId "24171760"]
[EventDate "2017.12.29"]

1. d4 Nf6 2. Nc3 d5 3. Bf4 e6 4. e3 Be7 5. Nb5 Na6 6. Nf3 O-O 7. Bd3 c6 8. Nc3
c5 9. O-O Bd7 10. h3 c4 11. Be2 b5 12. a3 Qb6 13. Ne5 Rfd8 14. Bh2 Nc7 15. f4 a5
16. Bf3 b4 17. axb4 axb4 18. Ne2 Bb5 19. g4 Ne4 20. Bxe4 dxe4 21. g5 Nd5 22. Kf2
c3 23. b3 Ra3 24. Rg1 Rda8 25. Rc1 Rd8 26. Ng3 Qb7 27. Qh5 g6 28. Qh4 Qa7 29.
Nxe4 Nxe3 30. Qg3 Nf5 31. Qf3 Qxd4+ 32. Ke1 Nh4 33. Qf2 Qxe4+ 0-1

[Event "World Blitz Women 2017"]
[Site "Riyadh KSA"]
[Date "2017.12.29"]
[Round "2.18"]
[White "Munguntuul, Batkhuyag"]
[Black "Pham, Le Thao Nguyen"]
[Result "0-1"]
[WhiteTitle "IM"]
[BlackTitle "IM"]
[WhiteElo "2397"]
[BlackElo "2354"]
[WhiteFideId "4900758"]
[BlackFideId "12401226"]
[EventDate "2017.12.29"]

1. e4 c5 2. Nf3 e6 3. d4 cxd4 4. Nxd4 a6 5. Nc3 Qc7 6. Be2 b5 7. O-O Bb7 8. Re1
d6 9. Bf3 Nd7 10. g3 Ngf6 11. a3 Be7 12. Bg2 O-O 13. f4 Rfd8 14. Be3 Nb6 15. Kh1
Rac8 16. Qe2 Nc4 17. Bc1 Bf8 18. g4 e5 19. Nf5 d5 20. exd5 exf4 21. Ne7+ Bxe7
22. Qxe7 Nxd5 23. Nxd5 Bxd5 24. Bxd5 Qxe7 25. Rxe7 Rxd5 26. Bxf4 Nxb2 27. Rf1 f6
28. Rc7 Rxc7 29. Bxc7 Rc5 30. Ba5 Rxc2 31. Re1 Kf7 32. Bb4 Nd3 33. Re7+ Kg6 34.
Re6 Nf4 35. Re1 Kg5 36. Bf8 g6 37. Be7 Re2 38. Rxe2 Nxe2 39. Kg2 Nf4+ 40. Kf3
Nd5 41. Bd8 Kh4 42. Ba5 f5 43. gxf5 gxf5 44. Kg2 Kg4 45. Bd2 f4 46. h3+ Kf5 47.
Kf3 h5 48. Ba5 Ne7 49. Bd2 Ng6 50. Be1 Ne5+ 51. Kg2 Ke4 52. Bc3 Nd3 53. Bd2 Ne5
54. Kf2 Nc4 55. Bb4 a5 56. Bc5 Nb2 57. Bb6 Nd3+ 58. Kf1 b4 59. axb4 axb4 60. Bd8
b3 61. Bf6 Ne5 0-1